00246nam a2200073Ia 4500008004100000082000800041100001400049245010900063240331s9999 xx 000 0 und d bPER aPerera, S 0aStories of survivors :bsocio-political contexts of female headed households in pot terror Sri Lanka-Vol